000 00375nam a2200145Ia 4500
008 231019s9999 xx 000 0 und d
020 _a978-111916555-2
082 _a650.072
_bSEK-R
100 _aUma Sekaran and Roger Bougie
245 0 _aResearch Methods for Business
260 _aUK
_bJohn Wiley & Sons Ltd.
_c2016
300 _a420
650 _aBusiness
999 _c34526
_d34526